000 01683cam a22004694i 4500
003 PE-LiUPU
005 20250731172744.0
008 150617s1968 sp r 000 0 spa d
035 _a(Sirsi) a12202
040 _aPE-LiUPU
_bspa
_cPE-LiUPU
_erda
049 _aPRUA
082 0 4 _a224.1
_bS31
_221
245 0 0 _aIsaías /
_cLuis Alonso Schökel.
264 1 _aMadrid :
_bEdiciones Cristiandad,
_c1968.
300 _a304 páginas ;
_c19 centímetros.
336 _atext
_2rdacontent
337 _aunmediated
_2rdamedia
338 _avolume
_2rdacarrier
490 0 _aLos Libros Sagrados
505 0 _aIsaías I -- Libro de Emanuel -- Oráculos contra las naciones -- Escatología -- Oráculos varios -- Escatología de Isaías II -- Sección histórica -- Isaías II -- Isaías III.
526 _aSEG42
526 _aSEG41
526 _aSEG40
526 _aSEG39
526 _aP94
526 _aP87
526 _aP86
526 _aP85
526 _aP77
526 _aP76
526 _aP35
630 _aBiblia
_pA.T.
_pIsaías
_xComentarios.
700 1 _aAlonso Schökel, Luis,
_etraductor.
700 1 _aZurro, Eduardo,
_etraductor.
910 _ajck
_bjvq
_cjck
_d20150616
942 _2ddc
_cBOOK
949 _a224.1 S31
_wDEWEY
_c1
_i13929
_lCCODEBUL1
_mBUL
_p00.00
_r0
_sY
_tBOOK
_u19750710
_xTEOLOGIA
_PP35
_0COMPRA
_o.STAFF. Colección general
994 _aC0
_bPEPRU
596 _a1
999 _a224.1 S31
_wDEWEY
_c2435
_i13929
_d2435
_e2022-6-7
_f2021-11-11
_g5
_lCCODEBUL1
_mBUL
_n5
_p15.00
_q14
_r0
_sY
_tBOOK
_u2015-6-17
_xTEOLOGIA
_PP35
_0COMPRA
_o.STAFF. Colección Teología
980 _81
_gALBERTO SANCHEZ Responsable de Automatización